|
|
|
|
| LEADER |
00592 a2200169 4500 |
| 008 |
150103s9999 000 0 eng |
| 020 |
|
|
|a 0701108622
|
| 082 |
0 |
0 |
|a 882.09
|
| 100 |
1 |
|
|a Jones, John.
|
| 245 |
1 |
0 |
|a On Aristotle and Greek tragedy /
|
| 260 |
|
|
|a New York:
|b Oxford University Press,
|c c1962.
|
| 300 |
|
|
|a 284 p.
|
| 650 |
|
0 |
|a Greek drama (Tragedy)
|
| 650 |
|
0 |
|a Mythology, Greek, in literature.
|
| 942 |
|
|
|c BK
|
| 999 |
|
|
|c 301884
|d 301884
|
| 952 |
|
|
|0 0
|1 0
|2 ddc
|4 0
|6 882_090000000000000_JON_ON
|7 0
|9 345240
|a DRA
|b DRA
|c ST1
|d 2010-09-20
|i 20
|l 1
|o 882.09 JON/ON
|p DRA20
|r 2016-07-04
|s 2016-07-04
|w 2010-09-20
|y BK
|